Online
Catalog

La cultura en el Banco Central : (Record no. 52283)

MARC details
000 -CABECERA
campo de control de longitud fija 01578nam a22003497i 4500
003 - IDENTIFICADOR DEL NÚMERO DE CONTROL
campo de control DO-SdBNP
005 - FECHA Y HORA DE LA ÚLTIMA TRANSACCIÓN
campo de control 20250402143003.0
007 - CAMPO FIJO DE DESCRIPCIÓN FÍSICA--INFORMACIÓN GENERAL
campo de control de longitud fija ta
008 - DATOS DE LONGITUD FIJA--INFORMACIÓN GENERAL
campo de control de longitud fija 220815b2022 |||aco|| |||| 000 0 spa d
020 ## - NÚMERO INTERNACIONAL ESTÁNDAR DEL LIBRO
Número Internacional Estándar del Libro 9789945629132
040 ## - FUENTE DE LA CATALOGACIÓN
Centro catalogador/agencia de origen DO-SdBNP
Lengua de catalogación spa
Centro/agencia transcriptor BNPHU
Normas de descripción rda
082 #4 - NÚMERO DE LA CLASIFICACIÓN DECIMAL DEWEY
Número de clasificación 306.097293
Número de documento/Ítem V145c
Número de edición 22
100 1# - ENTRADA PRINCIPAL--NOMBRE DE PERSONA
Nombre de persona Valdez Albizu, Héctor,
Fechas asociadas al nombre 1947-
Término indicativo de función/relación autor
Código de función/relación aut.
9 (RLIN) 12322
245 13 - MENCIÓN DE TÍTULO
Título La cultura en el Banco Central :
Resto del título discursos 2020-2022 /
Mención de responsabilidad, etc. Héctor Valdez Albizu ; presentación y edición al cuidado, José Alcántara Almánzar ; ilustraciones, Alberto Bass
264 #1 - PRODUCCIÓN, PUBLICACIÓN, DISTRIBUCIÓN, FABRICACIÓN Y COPYRIGHT
Producción, publicación, distribución, fabricación y copyright Santo Domingo :
Nombre del de productor, editor, distribuidor, fabricante Banco Central de la República Dominicana,
Fecha de producción, publicación, distribución, fabricación o copyright 2022.
300 ## - DESCRIPCIÓN FÍSICA
Extensión 107 paginas
Otras características físicas ilustraciones.,fotografias.,retratos;
Dimensiones 23 cm
336 ## - TIPO DE CONTENIDO
Término de tipo de contenido texto
Código de tipo de contenido txt
Fuente rdacontent
337 ## - TIPO DE MEDIO
Nombre/término del tipo de medio sin mediación
Código del tipo de medio n
Fuente rdamedia
338 ## - TIPO DE SOPORTE
Nombre/término del tipo de soporte volumen
Código del tipo de soporte nc
Fuente rdacarrier
490 ## - MENCIÓN DE SERIE
Mención de serie Colección Banco Central de la República Dominicana.
Designación de volumen o secuencia 291
490 ## - MENCIÓN DE SERIE
Mención de serie Serie Arte y Literatura.
Designación de volumen o secuencia 110
500 ## - NOTA GENERAL
Nota general Incluye datos biográficos del autor en las solapas
505 ## - NOTA DE CONTENIDO CON FORMATO
Nota de contenido con formato Discursos 2020 -- Discursos 2021- Dis
590 ## - NOTA LOCAL (RLIN)
Nota local Inventariado, 2022 / SA
650 #4 - PUNTO DE ACCESO ADICIONAL DE MATERIA--TÉRMINO DE MATERIA
Término de materia o nombre geográfico como elemento de entrada Cultura
Subdivisión geográfica República Dominicana
Subdivisión general Congresos
-- Conferencias
Subdivisión cronológica 2020-2022
9 (RLIN) 82186
650 #4 - PUNTO DE ACCESO ADICIONAL DE MATERIA--TÉRMINO DE MATERIA
Término de materia o nombre geográfico como elemento de entrada Banco Central de la República Dominicana
Subdivisión general Artes
Subdivisión cronológica 2020-2022
Subdivisión geográfica República Dominicana
9 (RLIN) 82187
700 1# - PUNTO DE ACCESO ADICIONAL--NOMBRE DE PERSONA
Nombre de persona Bass, Alberto,
Término indicativo de función/relación ilustrador
Código de función/relación il.
9 (RLIN) 26650
700 1# - PUNTO DE ACCESO ADICIONAL--NOMBRE DE PERSONA
Nombre de persona Rosado, Reynol,
Término indicativo de función/relación fotografo
9 (RLIN) 82188
Código de función/relación fot.
830 ## - PUNTO DE ACCESO ADICIONAL DE SERIE-TÍTULO UNIFORME
Título uniforme Colección Banco Central de la República Dominicana.
Número de parte o sección de la obra 291-110
Nombre de parte o sección de la obra Serie Arte y literatura.
9 (RLIN) 87310
910 ## - DATOS DE OPCIÓN DEL USUARIO (OCLC)
Datos de opción del usuario Saquino
942 ## - ELEMENTOS DE PUNTO DE ACCESO ADICIONAL (KOHA)
Fuente del sistema de clasificación o colocación Dewey Decimal Classification
Tipo de ítem Koha Libro
Holdings
Estado de retiro Estado de pérdida Fuente del sistema de clasificación o colocación Restricciones de uso No para préstamo Código de colección Localización permanente Ubicación/localización actual Ubicación en estantería Fecha de adquisición Fuente de adquisición Total de préstamos Signatura topográfica completa Código de barras Fecha visto por última vez Precio válido a partir de Tipo de ítem Koha Número de copia
    Dewey Decimal Classification Excluido de préstamo   Patrimonio Dominicano Biblioteca Nacional Pedro Henríquez Ureña Biblioteca Nacional Pedro Henríquez Ureña En catalogación 18.05.2022 Donación   BNPHU PD 306.097293 V145c 2022-3690 15.08.2022 15.08.2022 Libro  
    Dewey Decimal Classification Excluido de préstamo   Patrimonio Dominicano Biblioteca Nacional Pedro Henríquez Ureña Biblioteca Nacional Pedro Henríquez Ureña En catalogación 18.05.2022 Donación   BNPHU PD 306.097293 V145c 2022-3691 15.08.2022 15.08.2022 Libro e.2
    Dewey Decimal Classification Préstamo en sala   Dominicana de Servicio Biblioteca Nacional Pedro Henríquez Ureña Biblioteca Nacional Pedro Henríquez Ureña En catalogación 18.05.2022 Donación   BNPHU DS 306.097293 V145c 2022-3692 15.08.2022 15.08.2022 Libro e.3
    Dewey Decimal Classification Préstamo en sala   Dominicana de Servicio Biblioteca Nacional Pedro Henríquez Ureña Biblioteca Nacional Pedro Henríquez Ureña En catalogación 08.01.2024     BNPHU DS 306.097293 V145c 2024-0081 08.01.2024 08.01.2024 Libro e.4

Powered by Koha